[Event "GBR-ch"]
[Site "Scarborough"]
[Date "2001.08.03"]
[Round "5"]
[White "Collins, Sam"]
[Black "Willmoth, Robert"]
[Result "1-0"]
[WhiteElo "2194"]
[BlackElo "2239"]
[PlyCount "87"]
[EventDate "2001.07.30"]

1. e4 d6 2. d4 Nf6 3. Nc3 c6 4. f4 Qa5 5. e5 Ne4 6. Qf3 d5 7. Bd3 Na6 8. Nge2
Nb4 9. O-O Nxd3 10. cxd3 Nxc3 11. bxc3 g6 12. a4 h5 13. Ba3 Bg4 14. Qe3 Qa6 15.
Rfb1 h4 16. Nc1 b6 17. a5 Bf5 18. Bb4 Qc8 19. Nb3 Bh6 20. Rb2 Rg8 21. Rba2 b5
22. Nc5 g5 23. Qf2 e6 24. a6 h3 25. Nb7 Kd7 26. Nd6 gxf4 27. Nxc8 Raxc8 28. Qh4
Bg5 29. Qh5 Rg7 30. Qf3 Rcg8 31. Rb2 Bh6 32. Raa2 Bg4 33. Qf1 hxg2 34. Qc1 Rg6
35. c4 f3 36. Bd2 f2+ 37. Kxf2 g1=Q+ 38. Qxg1 Bh3 39. Qxg6 Rxg6 40. Bxh6 Rxh6
41. cxb5 cxb5 42. Rxb5 Bf5 43. Rb7+ Kd8 44. Ke1 1-0

[Event "GBR-ch"]
[Site "Scarborough"]
[Date "2001.08.03"]
[Round "5"]
[White "Jackson, Adrian"]
[Black "Blackburn, Jonathan LB"]
[Result "0-1"]
[WhiteElo "2230"]
[BlackElo "2115"]
[PlyCount "72"]
[EventDate "2001.07.30"]

1. e4 e6 2. d4 d5 3. Nc3 Bb4 4. e5 c5 5. a3 Ba5 6. dxc5 Bxc3+ 7. bxc3 Qc7 8.
Nf3 Nd7 9. Bd3 Ne7 10. O-O Nxc5 11. a4 Bd7 12. Ba3 h6 13. Nd4 a6 14. f4 Nxa4
15. Qg4 g6 16. Bd6 Qb6 17. Kh1 Nxc3 18. Nb3 Rc8 19. Qh4 Ng8 20. Ba3 Bb5 21. f5
Bxd3 22. cxd3 gxf5 23. Nd4 Qd8 24. Qe1 Ne7 25. Bb4 Nb5 26. Nxb5 axb5 27. h3 Nc6
28. Bd6 Rg8 29. Rb1 Qg5 30. Rf2 Nd4 31. Qb4 Qe3 32. Rbf1 Rg3 33. Bc5 Rxh3+ 34.
gxh3 Qxh3+ 35. Kg1 Qg3+ 36. Rg2 Ne2+ 0-1

[Event "GBR-ch"]
[Site "Scarborough"]
[Date "2001.08.03"]
[Round "5"]
[White "Addison, Bret C"]
[Black "Anderson, John"]
[Result "1-0"]
[WhiteElo "2218"]
[BlackElo "2161"]
[PlyCount "53"]
[EventDate "2001.07.30"]

1. d4 Nf6 2. c4 e6 3. Nc3 Bb4 4. Bg5 h6 5. Bh4 c5 6. d5 Bxc3+ 7. bxc3 d6 8. e3
e5 9. Bd3 e4 10. Bc2 g5 11. Bg3 Qe7 12. h4 Rg8 13. hxg5 hxg5 14. Qb1 Bf5 15.
Ne2 Kd8 16. Bxd6 Qxd6 17. Qxb7 Nfd7 18. Qxa8 Qa6 19. Rb1 Kc8 20. d6 Nb6 21.
Rxb6 axb6 22. Qxa6+ Nxa6 23. Ng3 Be6 24. Nxe4 Nb8 25. Rh5 Bxc4 26. Bb3 Bd3 27.
Bxf7 1-0

[Event "GBR-ch"]
[Site "Scarborough"]
[Date "2001.08.03"]
[Round "5"]
[White "Ledger, Stephen"]
[Black "Conlon, Joe"]
[Result "1/2-1/2"]
[WhiteElo "2196"]
[BlackElo "2191"]
[PlyCount "28"]
[EventDate "2001.07.30"]

1. d4 Nf6 2. Nf3 g6 3. Bf4 d6 4. e3 Bg7 5. h3 Nbd7 6. Be2 O-O 7. O-O Qe8 8. c4
e5 9. Bh2 Qe7 10. Nc3 b6 11. b4 Bb7 12. Qb3 Ne4 13. Nxe4 Bxe4 14. Rad1 a5
1/2-1/2

[Event "GBR-ch"]
[Site "Scarborough"]
[Date "2001.08.03"]
[Round "5"]
[White "Lyell, Mark"]
[Black "Steadman, Michael"]
[Result "1-0"]
[WhiteElo "2219"]
[BlackElo "2090"]
[PlyCount "213"]
[EventDate "2001.07.30"]

1. e4 e6 2. d4 d5 3. e5 c5 4. c3 Nc6 5. Nf3 Qb6 6. a3 c4 7. Nbd2 Na5 8. Be2 Bd7
9. O-O O-O-O 10. Re1 h6 11. Rb1 Ne7 12. Nf1 Nb3 13. Bf4 Ba4 14. N3d2 Nxd2 15.
Qxd2 Nc6 16. Bh5 Rd7 17. Re2 Qd8 18. h3 g6 19. Bf3 g5 20. Be3 f5 21. exf6 Qxf6
22. Ng3 Bd6 23. Nh5 Qg6 24. Rbe1 Ne7 25. Bg4 Nf5 26. f3 Re7 27. Bf2 Bd7 28.
Bxf5 Qxf5 29. Bg3 Bxg3 30. Nxg3 Qg6 31. Re5 Rf7 32. R1e2 Rg8 33. Qc2 Qxc2 34.
Rxc2 Kc7 35. Rce2 Kd6 36. Kh2 Rf6 37. Nh5 Rf5 38. Rxf5 exf5 39. f4 Re8 40. Re5
Rxe5 41. fxe5+ Ke7 42. h4 Be6 43. Kg3 Kf7 44. hxg5 hxg5 45. Nf6 b6 46. Kf3 Kg6
47. Ke3 Kf7 48. Kd2 Kg6 49. g3 Kf7 50. Kd1 Kg6 51. Kc2 Kf7 52. b3 cxb3+ 53.
Kxb3 Kg6 54. Kc2 Kf7 55. Kd2 Kg6 56. Ke3 Kf7 57. Kd2 Kg6 58. Ne8 Kf7 59. Nc7
Ke7 60. Nb5 a5 61. Nc7 Kd7 62. Nxe6 Kxe6 63. a4 Kd7 64. Kd3 Kc6 65. c4 f4 66.
gxf4 gxf4 67. e6 dxc4+ 68. Kxc4 f3 69. Kd3 Kd6 70. d5 Ke7 71. Ke3 b5 72. axb5
a4 73. b6 a3 74. b7 a2 75. b8=Q a1=Q 76. Qc7+ Kf6 77. Qf7+ Kg5 78. Qxf3 Qe5+
79. Kf2 Qb2+ 80. Kg3 Qb8+ 81. Kg2 Qb2+ 82. Kh1 Qh8+ 83. Kg2 Qb2+ 84. Qf2 Qb4
85. Qg3+ Kf5 86. Qf3+ Ke5 87. Qe2+ Kf6 88. Qf3+ Ke5 89. Qe3+ Kf6 90. Kf3 Ke7
91. Qa7+ Kf6 92. Qf7+ Ke5 93. e7 Qe4+ 94. Kg3 Qe3+ 95. Kh4 Qe1+ 96. Kg5 Qg3+
97. Kh6 Qe3+ 98. Kg7 Qg5+ 99. Kf8 Kd6 100. e8=Q Qh6+ 101. Qg7 Qf4+ 102. Qef7
Qa4 103. Qe7+ Kxd5 104. Qge5+ Kc4 105. Q7c5+ Kb3 106. Qee3+ Ka2 107. Qd2+ 1-0

[Event "GBR-ch"]
[Site "Scarborough"]
[Date "2001.08.03"]
[Round "5"]
[White "Snape, Ian L"]
[Black "Lappage, Jonathan"]
[Result "0-1"]
[WhiteElo "2160"]
[BlackElo "2208"]
[PlyCount "170"]
[EventDate "2001.07.30"]

1. c4 e5 2. Nc3 Nc6 3. g3 g6 4. Bg2 Bg7 5. d3 d6 6. Rb1 a5 7. a3 f5 8. e3 Nf6
9. Nge2 O-O 10. O-O Be6 11. b4 axb4 12. axb4 d5 13. b5 Ne7 14. d4 e4 15. Nf4
Bf7 16. Nfxd5 Nexd5 17. Nxd5 Nxd5 18. cxd5 Bxd5 19. Qc2 Ra2 20. Rb2 Rxb2 21.
Bxb2 Qd7 22. Rb1 Ra8 23. Bf1 Qf7 24. Ra1 Rxa1 25. Bxa1 g5 26. Bb2 b6 27. Ba3
Bf6 28. Qa4 Kg7 29. Qa7 Bd8 30. Qa4 h5 31. Qb4 h4 32. gxh4 g4 33. h5 Kh6 34.
Qf8+ Qxf8 35. Bxf8+ Kxh5 36. h3 gxh3 37. Bxh3 Kg6 38. Bf1 Bg5 39. Bb4 f4 40.
exf4 Bxf4 41. Be2 Kf5 42. Bf8 Bb3 43. Bg7 Bc2 44. Kf1 Bd6 45. Bc4 Bd1 46. Ke1
Bh5 47. Kd2 Bb4+ 48. Ke3 Bd6 49. Kd2 Bh2 50. Bh6 Bd6 51. Bg7 Be8 52. Bh6 Bd7
53. Bf1 Kg6 54. Be3 Be6 55. Kc3 Bd5 56. Bc4 Bb7 57. Bg8 Kg7 58. Be6 Kf6 59. Bg8
Kf5 60. Bc4 Kg4 61. Be6+ Kf3 62. Bf7 Bh2 63. Kc4 Bg1 64. Bd5 Bc8 65. Kc3 Bf5
66. Kd2 Bxf2 67. Bg5 Bxd4 68. Bf7 e3+ 69. Kc1 e2 70. Bd5+ Be4 71. Bxe4+ Kxe4
72. Kd2 Kf3 73. Bh4 Bf2 74. Bxf2 Kxf2 75. Kd3 e1=Q 76. Kc4 Qe4+ 77. Kb3 Qd3+
78. Kb4 Qd4+ 79. Kb3 Qc5 80. Ka4 Qc2+ 81. Kb4 Ke3 82. Ka3 Kd3 83. Kb4 Qb1+ 84.
Ka4 Kc3 85. Ka3 Qb3# 0-1

[Event "GBR-ch"]
[Site "Scarborough"]
[Date "2001.08.03"]
[Round "5"]
[White "Frost, Nicholas"]
[Black "Buckley, David E"]
[Result "0-1"]
[WhiteElo "2141"]
[BlackElo "2172"]
[PlyCount "46"]
[EventDate "2001.07.30"]

1. e4 Nf6 2. e5 Nd5 3. d4 d6 4. c4 Nb6 5. exd6 cxd6 6. Nc3 g6 7. h3 Bg7 8. Nf3
O-O 9. Be3 Nc6 10. Be2 Bf5 11. O-O d5 12. c5 Nc4 13. Bxc4 dxc4 14. Qa4 e5 15.
Qxc4 exd4 16. Rad1 Be6 17. Qa4 Bd7 18. Bg5 f6 19. Qb3+ Kh8 20. Bf4 dxc3 21.
Qxb7 Rf7 22. Rxd7 Qxd7 23. Qxa8+ Rf8 0-1

[Event "GBR-ch"]
[Site "Scarborough"]
[Date "2001.08.03"]
[Round "5"]
[White "Rumens, David"]
[Black "Waters, Clive L"]
[Result "0-1"]
[WhiteElo "2255"]
[BlackElo "2147"]
[PlyCount "69"]
[EventDate "2001.07.30"]

1. f4 c5 2. Nf3 Nc6 3. e3 Nf6 4. Be2 e6 5. O-O Be7 6. d3 d5 7. Qe1 Qc7 8. Nc3
O-O 9. e4 Nd4 10. Bd1 dxe4 11. dxe4 b6 12. Qg3 Ba6 13. Re1 Rfd8 14. Qh3 b5 15.
e5 Nd7 16. Ne4 Nf8 17. c3 Nxf3+ 18. Bxf3 Bb7 19. Be3 Rd3 20. Qg3 Ng6 21. Qg4
Rad8 22. Nf2 R3d7 23. Be4 c4 24. Bd4 Bc5 25. Bxc5 Qxc5 26. Bxb7 Rxb7 27. Kf1
Qb6 28. Ne4 Rbd7 29. g3 Rd3 30. Rad1 Qc6 31. Nf2 Ne7 32. Kg1 Qc5 33. Qf3 h5 34.
Rxd3 Rxd3 35. Kf1 0-1

[Event "GBR-ch"]
[Site "Scarborough"]
[Date "2001.08.04"]
[Round "6"]
[White "Wells, Peter"]
[Black "Emms, John M"]
[Result "1/2-1/2"]
[WhiteElo "2510"]
[BlackElo "2532"]
[PlyCount "99"]
[EventDate "2001.07.30"]

1. Nf3 c5 2. c4 Nc6 3. Nc3 e5 4. e3 Nf6 5. a3 d5 6. cxd5 Nxd5 7. Qc2 Nxc3 8.
dxc3 Be7 9. Bd3 Be6 10. O-O Qc7 11. c4 g6 12. Be4 O-O 13. b3 f5 14. Bxc6 bxc6
15. Bb2 e4 16. Be5 Qb7 17. Ne1 Rad8 18. f3 exf3 19. Nxf3 Rd7 20. Bb2 Bf6 21.
Bxf6 Rxf6 22. Qc3 Rf8 23. Ng5 Bf7 24. e4 h6 25. exf5 hxg5 26. fxg6 Rd4 27.
gxf7+ Rxf7 28. Qg3 g4 29. Rae1 Rxf1+ 30. Rxf1 Qe7 31. Re1 Qf6 32. h4 Rf4 33.
Qe3 Kg7 34. Qxc5 g3 35. Qg5+ Qxg5 36. hxg5 Rd4 37. Kf1 Rd3 38. Re6 Rxb3 39.
Rxc6 Rxa3 40. Ke2 a5 41. Ra6 Rc3 42. Rxa5 Rxc4 43. Kf3 Kg6 44. Kxg3 Rb4 45. Kh3
Rc4 46. g3 Rb4 47. Rc5 Ra4 48. g4 Ra1 49. Kh4 Rh1+ 50. Kg3 1/2-1/2

[Event "GBR-ch"]
[Site "Scarborough"]
[Date "2001.08.04"]
[Round "6"]
[White "Ward, Chris G"]
[Black "Lalic, Bogdan"]
[Result "1/2-1/2"]
[WhiteElo "2493"]
[BlackElo "2528"]
[PlyCount "21"]
[EventDate "2001.07.30"]

1. d4 d5 2. c4 dxc4 3. Nf3 e6 4. e3 c5 5. Bxc4 a6 6. O-O Nf6 7. dxc5 Bxc5 8.
Qxd8+ Kxd8 9. b3 Ke7 10. Bb2 b6 11. Nbd2 1/2-1/2

[Event "GBR-ch"]
[Site "Scarborough"]
[Date "2001.08.04"]
[Round "6"]
[White "Hebden, Mark"]
[Black "Shaw, John K"]
[Result "0-1"]
[WhiteElo "2550"]
[BlackElo "2478"]
[PlyCount "108"]
[EventDate "2001.07.30"]

1. d4 d5 2. c4 c6 3. Nf3 Nf6 4. e3 Bg4 5. h3 Bxf3 6. Qxf3 e6 7. Nc3 Nbd7 8. Bd2
Bd6 9. g4 h6 10. h4 Qe7 11. g5 Ne4 12. Nxe4 dxe4 13. Qxe4 hxg5 14. hxg5 Rxh1
15. Qxh1 Qxg5 16. O-O-O O-O-O 17. f4 Qf6 18. Bg2 Bc7 19. Bc3 Qe7 20. Qh3 Nb6
21. Bf1 Kb8 22. Qg2 g5 23. Qxg5 Qxg5 24. fxg5 Rg8 25. Bd3 Rxg5 26. Rh1 Kc8 27.
e4 Rg3 28. Rd1 Rg2 29. b3 Rf2 30. Bc2 Nd7 31. Rh1 Bf4+ 32. Kb1 Bd2 33. Bb2 Kc7
34. e5 Re2 35. Bd1 Rf2 36. a3 Be3 37. Bc2 Rf4 38. Rd1 Kc8 39. d5 c5 40. Rh1 Bd4
41. Bc1 Rf2 42. Rh8+ Kc7 43. d6+ Kb6 44. b4 Nxe5 45. Rc8 Rf1 46. Ba4 Be3 47. d7
Rxc1+ 48. Ka2 Nxd7 49. Bxd7 Rxc4 50. Kb3 Rf4 51. b5 Bd4 52. Be8 Rf3+ 53. Ka2 e5
54. Rd8 c4 0-1

[Event "GBR-ch"]
[Site "Scarborough"]
[Date "2001.08.04"]
[Round "6"]
[White "Chandler, Murray"]
[Black "Singh, Gurpreet"]
[Result "1-0"]
[WhiteElo "2540"]
[BlackElo "2302"]
[PlyCount "71"]
[EventDate "2001.07.30"]

1. e4 e6 2. Nf3 d5 3. Nc3 Nf6 4. e5 Nfd7 5. d4 c5 6. dxc5 Nc6 7. Bf4 Bxc5 8.
Bd3 f6 9. exf6 Qxf6 10. Bg3 O-O 11. O-O h6 12. Qe2 Bb6 13. Rad1 Nc5 14. Kh1 Bd7
15. Bb5 Be8 16. Bxc6 bxc6 17. Be5 Qe7 18. Nd4 Rc8 19. Qg4 Nd7 20. Bg3 Bf7 21.
Rfe1 Qb4 22. a3 Qxb2 23. Na4 Qxa3 24. Nxb6 axb6 25. Nxe6 Bxe6 26. Rxe6 Qc3 27.
Re7 Rce8 28. Qe6+ Kh7 29. Rxe8 Qxc2 30. Re1 Nc5 31. Qxc6 Rxe8 32. Qxe8 d4 33.
Qe2 Qxe2 34. Rxe2 d3 35. Rd2 Kg6 36. f3 1-0

[Event "GBR-ch"]
[Site "Scarborough"]
[Date "2001.08.04"]
[Round "6"]
[White "Ansell, Simon"]
[Black "Gallagher, Joseph G"]
[Result "1/2-1/2"]
[WhiteElo "2376"]
[BlackElo "2516"]
[PlyCount "78"]
[EventDate "2001.07.30"]

1. e4 c5 2. Nf3 e6 3. d3 Nc6 4. g3 Nge7 5. Bg2 d5 6. Nbd2 g6 7. O-O Bg7 8. Re1
b6 9. exd5 exd5 10. d4 c4 11. Nf1 O-O 12. Bf4 Bf5 13. h4 Qd7 14. Qd2 Rfe8 15.
Ne5 Nxe5 16. Bxe5 f6 17. Bf4 Be6 18. Re2 Nf5 19. Rae1 h6 20. Ne3 Nxe3 21. Bxe3
Kh7 22. b3 Rac8 23. f3 Bf8 24. g4 Bf7 25. Bf2 Rxe2 26. Rxe2 Bd6 27. Qe1 cxb3
28. axb3 a5 29. Bg3 Bb4 30. Qd1 Re8 31. g5 hxg5 32. hxg5 Rxe2 33. Qxe2 fxg5 34.
Qe5 Qe7 35. Qxe7 Bxe7 36. Bc7 b5 37. Bxa5 Be6 38. Bf1 b4 39. c3 bxc3 1/2-1/2

[Event "GBR-ch"]
[Site "Scarborough"]
[Date "2001.08.04"]
[Round "6"]
[White "Kelly, Brian"]
[Black "Rowson, Jonathan"]
[Result "1/2-1/2"]
[WhiteElo "2458"]
[BlackElo "2514"]
[PlyCount "168"]
[EventDate "2001.07.30"]

1. c4 e5 2. g3 Nf6 3. Bg2 d5 4. cxd5 Nxd5 5. Nf3 Nc6 6. O-O Nb6 7. d3 Be7 8.
Nbd2 O-O 9. a3 a5 10. b3 Be6 11. Bb2 f6 12. Qc2 Rf7 13. Rab1 Bf8 14. Rfc1 Qe8
15. Ne4 Bd5 16. Nc5 Bxc5 17. Qxc5 Qe6 18. Nd2 Bxg2 19. Kxg2 Nc8 20. b4 axb4 21.
axb4 Nd6 22. Ra1 Re8 23. Nc4 Nf5 24. Nd2 Nd6 25. Nc4 Qg4 26. b5 Ne7 27. f3 Qd7
28. Nxd6 cxd6 29. Qc4 Nf5 30. Qb3 d5 31. b6 d4 32. Rc7 Qd5 33. Qa4 Qe6 34. Rac1
Ne3+ 35. Kf2 Nd5 36. Rxf7 Kxf7 37. Ba3 Rd8 38. Qb3 Rd7 39. Rc5 Nxb6 40. Qb5 Nd5
41. Bb4 Ne7 42. Kg2 h6 43. Rc2 Nc6 44. Bd2 f5 45. h4 Kf6 46. Qc5 Qd6 47. Qb5
Qd5 48. Qa4 e4 49. Rb2 Re7 50. Qd1 Kg6 51. Bf4 b5 52. Kf2 exf3 53. exf3 b4 54.
Qb3 Qxb3 55. Rxb3 Kf6 56. h5 Ke6 57. Ke2 Kd5+ 58. Kd1 Ra7 59. Kc2 Ra2+ 60. Rb2
Rxb2+ 61. Kxb2 Nd8 62. Bd2 Ne6 63. Kc2 f4 64. gxf4 b3+ 65. Kxb3 Nc5+ 66. Kc2
Nd7 67. Bb4 Nf6 68. Bf8 Nxh5 69. Kd2 Ng3 70. Bxg7 Nf5 71. Bf6 Kc5 72. Bd8 h5
73. Ke2 Kb4 74. Bb6 h4 75. Bd8 Kc3 76. Bf6 Kc2 77. Bd8 Ng3+ 78. Kf2 Nf5 79. Ke2
h3 80. Kf2 Kxd3 81. Bb6 Ne3 82. Kg3 Nd5 83. Bxd4 Kxd4 84. Kxh3 Nxf4+ 1/2-1/2

[Event "GBR-ch"]
[Site "Scarborough"]
[Date "2001.08.04"]
[Round "6"]
[White "Pert, Nicholas"]
[Black "Zhao, Zong-Yuan"]
[Result "1/2-1/2"]
[WhiteElo "2475"]
[BlackElo "2359"]
[PlyCount "65"]
[EventDate "2001.07.30"]

1. d4 d5 2. Nf3 e6 3. c4 c6 4. Qc2 Bd6 5. g3 f5 6. Bg2 Nf6 7. O-O O-O 8. Bf4
Bxf4 9. gxf4 Bd7 10. Nbd2 Qe7 11. Ne5 Ne4 12. Nxe4 fxe4 13. f3 exf3 14. Rxf3
Be8 15. Qb3 a5 16. Bh3 Rf6 17. Raf1 a4 18. Qe3 Nd7 19. f5 exf5 20. Bxf5 Nf8 21.
Ng4 Qxe3+ 22. Rxe3 Rf7 23. Ne5 Re7 24. c5 Bg6 25. Ref3 Bxf5 26. Rxf5 Ng6 27.
Rf7 Rxf7 28. Nxf7 Rb8 29. e3 b6 30. cxb6 Rxb6 31. Rf2 c5 32. dxc5 Rc6 33. h3
1/2-1/2

[Event "GBR-ch"]
[Site "Scarborough"]
[Date "2001.08.04"]
[Round "6"]
[White "Hanley, Craig"]
[Black "Lane, Gary"]
[Result "1/2-1/2"]
[WhiteElo "2278"]
[BlackElo "2456"]
[PlyCount "116"]
[EventDate "2001.07.30"]

1. c4 e5 2. g3 d6 3. Bg2 f5 4. Nc3 Nf6 5. d3 Be7 6. e4 c6 7. Nge2 Na6 8. O-O
O-O 9. h3 Qe8 10. exf5 Bxf5 11. g4 Bg6 12. f4 exf4 13. Nxf4 Bd8 14. Kh1 h6 15.
Qf3 Nd7 16. Qg3 Nb4 17. Bd2 Ne5 18. Nxg6 Rxf1+ 19. Rxf1 Qxg6 20. Be4 Qe8 21. b3
Bb6 22. g5 hxg5 23. a3 Na6 24. Qxg5 Nc5 25. Bf5 Bd8 26. Qg3 Qh5 27. b4 Bh4 28.
Qe3 Rf8 29. d4 Rxf5 30. Rxf5 Qxf5 31. dxe5 Nd3 32. exd6 Bf6 33. Kg2 Be5 34. Qf3
Qg6+ 35. Kf1 Bxd6 36. c5 Bc7 37. Ne4 Ne5 38. Qb3+ Kh8 39. Nf2 Qf5 40. Qg3 Bd8
41. Bc3 Bf6 42. Bxe5 Bxe5 43. Qh4+ Kg8 44. Kg2 Bf4 45. Qe7 Qg6+ 46. Kf3 Bg5 47.
Qxb7 Qf5+ 48. Ke2 Bh4 49. Qb8+ Kh7 50. Ng4 Qc2+ 51. Kf3 Qd1+ 52. Kg2 Qe2+ 53.
Kg1 Qe1+ 54. Kg2 Qe2+ 55. Kg1 Qf3 56. Qe5 Qd1+ 57. Kg2 Qd2+ 58. Kg1 Qd1+
1/2-1/2

[Event "GBR-ch"]
[Site "Scarborough"]
[Date "2001.08.04"]
[Round "6"]
[White "Arkell, Keith C"]
[Black "Pert, Richard"]
[Result "1/2-1/2"]
[WhiteElo "2431"]
[BlackElo "2245"]
[PlyCount "24"]
[EventDate "2001.07.30"]

1. Nf3 Nf6 2. c4 g6 3. Nc3 Bg7 4. d4 d5 5. Bg5 dxc4 6. e4 c5 7. d5 b5 8. d6 Bb7
9. e5 Nfd7 10. Nd5 Na6 11. dxe7 Qa5+ 12. Bd2 Nb4 1/2-1/2

[Event "GBR-ch"]
[Site "Scarborough"]
[Date "2001.08.04"]
[Round "6"]
[White "D'Costa, Lorin"]
[Black "Ledger, Andrew"]
[Result "1/2-1/2"]
[WhiteElo "2155"]
[BlackElo "2418"]
[PlyCount "45"]
[EventDate "2001.07.30"]

1. e4 c6 2. d4 d5 3. Nd2 dxe4 4. Nxe4 Nd7 5. Ng5 Ngf6 6. Bd3 e6 7. N1f3 Bd6 8.
Qe2 h6 9. Ne4 Nxe4 10. Qxe4 c5 11. Bd2 Qc7 12. Qg4 Kf8 13. c3 b6 14. O-O Bb7
15. Rfe1 g5 16. Qh3 c4 17. Nxg5 cxd3 18. Nxe6+ fxe6 19. Bxh6+ Rxh6 20. Qxh6+
Kf7 21. Qxe6+ Kg7 22. Qg4+ Kf7 23. Qe6+ 1/2-1/2

[Event "GBR-ch"]
[Site "Scarborough"]
[Date "2001.08.04"]
[Round "6"]
[White "Walker, Martin G"]
[Black "Crouch, Colin"]
[Result "1-0"]
[WhiteElo "2109"]
[BlackElo "2407"]
[PlyCount "89"]
[EventDate "2001.07.30"]

1. e4 Nf6 2. e5 Nd5 3. d4 d6 4. c4 Nb6 5. f4 g6 6. Nf3 Bg7 7. Nc3 Be6 8. b3 O-O
9. Be2 c5 10. dxc5 dxc5 11. Qxd8 Rxd8 12. Be3 Na6 13. Ne4 Rac8 14. Kf2 h6 15.
Rad1 Rxd1 16. Rxd1 Nd7 17. Nh4 Nf8 18. Bf3 Bd7 19. Nc3 Bc6 20. Bxc6 bxc6 21.
Ne4 f6 22. Nf3 fxe5 23. Nxe5 g5 24. g3 Bxe5 25. fxe5 Kf7 26. h4 gxh4 27. gxh4
Ng6 28. Rd7 Ra8 29. Bxc5 Nxc5 30. Nxc5 Nxe5 31. Rc7 a5 32. a4 Kf6 33. Ke3 Rg8
34. Ra7 Rg3+ 35. Kf2 Rh3 36. Rxa5 Rxh4 37. Ra8 Rh2+ 38. Kg3 Ra2 39. a5 h5 40.
a6 Kg5 41. Rg8+ Ng6 42. Na4 h4+ 43. Kh3 Kh5 44. Rxg6 Kxg6 45. a7 1-0

[Event "GBR-ch"]
[Site "Scarborough"]
[Date "2001.08.04"]
[Round "6"]
[White "Knott, Simon JB"]
[Black "Ghasi, Ameet K"]
[Result "1-0"]
[WhiteElo "2373"]
[BlackElo "2188"]
[PlyCount "109"]
[EventDate "2001.07.30"]

1. c4 g6 2. Nc3 Bg7 3. d4 Nf6 4. e4 d6 5. Nf3 O-O 6. Be2 Bg4 7. Be3 Nfd7 8. Rc1
a6 9. O-O Bxf3 10. Bxf3 c5 11. d5 b5 12. Be2 Qa5 13. Bd2 b4 14. Na4 Nb6 15.
Nxb6 Qxb6 16. Rb1 Nd7 17. a4 Rae8 18. b3 Nf6 19. Qc2 e5 20. Rbe1 Qd8 21. g3 Nd7
22. Bg4 Nf6 23. Bh3 h6 24. Kg2 Kh7 25. Bc1 Qe7 26. Re2 Nh5 27. Bg4 Nf6 28. Bh3
Nh5 29. Bg4 Nf6 30. f3 a5 31. Bh3 Nh5 32. Bg4 Nf6 33. h4 h5 34. Bh3 Ng8 35. Bg5
f6 36. Bc1 Bh6 37. Bb2 Qg7 38. f4 Ne7 39. Bd7 Rd8 40. Be6 Kh8 41. Ref2 Ng8 42.
Qe2 Qe7 43. f5 Qg7 44. fxg6 Qxg6 45. Rf5 Ne7 46. Rxh5 Rg8 47. Bxg8 Rxg8 48. Qf3
Kg7 49. Bc1 Bxc1 50. Rxc1 Kf7 51. Rg5 Qh6 52. Rxg8 Qxc1 53. Rd8 Qd2+ 54. Kh3
Ng6 55. Rxd6 1-0

[Event "GBR-ch"]
[Site "Scarborough"]
[Date "2001.08.04"]
[Round "6"]
[White "Simons, Martin J"]
[Black "Palliser, Richard JD"]
[Result "0-1"]
[WhiteElo "2215"]
[BlackElo "2337"]
[PlyCount "82"]
[EventDate "2001.07.30"]

1. e4 c5 2. Nc3 Nc6 3. f4 g6 4. Nf3 Bg7 5. Bb5 Nd4 6. Bd3 d6 7. Nxd4 cxd4 8.
Ne2 Nf6 9. Nxd4 Nxe4 10. Bxe4 Bxd4 11. c3 Bf6 12. Qf3 Qb6 13. d4 h5 14. O-O Bg4
15. Qf2 Bf5 16. Bf3 e6 17. d5 Qxf2+ 18. Kxf2 e5 19. Re1 Kd7 20. Be3 exf4 21.
Bxf4 g5 22. Bd2 g4 23. Be4 Bxe4 24. Rxe4 Be5 25. Bf4 Rhe8 26. g3 f5 27. Rb4
Bxf4 28. gxf4 Kc7 29. Rc4+ Kd7 30. Rb4 Rab8 31. Re1 Rxe1 32. Kxe1 h4 33. Kf2 b6
34. Ra4 a5 35. Rc4 b5 36. Rc6 b4 37. Ra6 bxc3 38. Ra7+ Ke8 39. bxc3 Rb2+ 40.
Kg1 Rxa2 41. Ra6 a4 0-1

[Event "GBR-ch"]
[Site "Scarborough"]
[Date "2001.08.04"]
[Round "6"]
[White "Williams, Simon K"]
[Black "Buckley, Melanie"]
[Result "1-0"]
[WhiteElo "2369"]
[BlackElo "2118"]
[PlyCount "79"]
[EventDate "2001.07.30"]

1. c4 e5 2. Nc3 Bb4 3. Nd5 Be7 4. d4 d6 5. e4 Nf6 6. Nxe7 Qxe7 7. f3 exd4 8.
Qxd4 Nc6 9. Qc3 O-O 10. Bg5 Ne5 11. Ne2 Re8 12. Ng3 h6 13. Bxf6 Qxf6 14. Be2
Nd7 15. Qxf6 Nxf6 16. Kf2 Be6 17. Rhd1 g6 18. Nf1 Nd7 19. Ne3 f5 20. exf5 Bxf5
21. c5 Rxe3 22. Kxe3 Nxc5 23. b4 Na4 24. Rac1 Re8+ 25. Kf2 Re7 26. Bc4+ Kf8 27.
g4 Bc8 28. Bb3 b5 29. Bxa4 bxa4 30. Rc3 Ke8 31. Re1 Rxe1 32. Kxe1 Kd8 33. Kf2
Be6 34. Ra3 Bd7 35. Re3 Bb5 36. f4 Bc4 37. a3 a5 38. bxa5 c5 39. f5 gxf5 40.
gxf5 1-0

[Event "GBR-ch"]
[Site "Scarborough"]
[Date "2001.08.04"]
[Round "6"]
[White "Blackburn, Jonathan LB"]
[Black "Ledger, Dave J"]
[Result "1-0"]
[WhiteElo "2115"]
[BlackElo "2312"]
[PlyCount "77"]
[EventDate "2001.07.30"]

1. d4 Nf6 2. c4 g6 3. Nc3 Bg7 4. Nf3 O-O 5. g3 d6 6. Bg2 c6 7. O-O Qa5 8. e4
Bg4 9. h3 Bxf3 10. Bxf3 Nbd7 11. Be3 c5 12. d5 a6 13. Be2 b5 14. cxb5 axb5 15.
Bxb5 Rab8 16. a4 Qb4 17. Qe2 Rfc8 18. Rfc1 Rc7 19. Bd2 Qd4 20. Rd1 Qe5 21. Bc1
Nh5 22. f4 Qf6 23. Qf2 g5 24. fxg5 Qg6 25. g4 Bd4 26. Be3 Ne5 27. gxh5 Qxh5 28.
Kg2 Kh8 29. Rxd4 cxd4 30. Bxd4 Qxg5+ 31. Kh2 Rg8 32. Rg1 Qh5 33. Be2 Qh6 34.
Rxg8+ Kxg8 35. Bxe5 dxe5 36. Qg3+ Qg6 37. a5 Kf8 38. Qxe5 Qh6 39. Qh8# 1-0

[Event "GBR-ch"]
[Site "Scarborough"]
[Date "2001.08.04"]
[Round "6"]
[White "Broomfield, Matthew"]
[Black "Collins, Sam"]
[Result "1/2-1/2"]
[WhiteElo "2271"]
[BlackElo "2194"]
[PlyCount "61"]
[EventDate "2001.07.30"]

1. c4 g6 2. Nc3 Nf6 3. g3 Bg7 4. Bg2 O-O 5. e4 d6 6. Nge2 e5 7. O-O Nc6 8. d3
a6 9. h3 Rb8 10. a4 a5 11. Be3 Nb4 12. Qd2 c6 13. f4 Re8 14. Rad1 Nd7 15. d4
exd4 16. Bxd4 Bf8 17. Nc1 Qc7 18. Nd3 Nxd3 19. Qxd3 Nc5 20. Qc2 Be6 21. b3 Rbd8
22. g4 Qb6 23. Rb1 Bg7 24. Bxg7 Kxg7 25. Qf2 Bc8 26. Kh1 f6 27. Rfd1 Nxa4 28.
Qxb6 Nxb6 29. Ra1 a4 30. Nxa4 Nxa4 31. Rxa4 1/2-1/2

[Event "GBR-ch"]
[Site "Scarborough"]
[Date "2001.08.04"]
[Round "6"]
[White "Player, Edmund"]
[Black "Addison, Bret C"]
[Result "1/2-1/2"]
[WhiteElo "2115"]
[BlackElo "2218"]
[PlyCount "22"]
[EventDate "2001.07.30"]

1. e4 e5 2. Nc3 Nf6 3. Bc4 Nc6 4. d3 Bb4 5. Nge2 d5 6. exd5 Nxd5 7. Bxd5 Qxd5
8. O-O Qd8 9. f4 exf4 10. Nxf4 O-O 11. Nfd5 Bxc3 1/2-1/2

[Event "GBR-ch"]
[Site "Scarborough"]
[Date "2001.08.04"]
[Round "6"]
[White "Briggs, Philip"]
[Black "Burnett, Jim"]
[Result "0-1"]
[WhiteElo "2200"]
[BlackElo "2209"]
[PlyCount "80"]
[EventDate "2001.07.30"]

1. e4 d5 2. exd5 Qxd5 3. Nc3 Qa5 4. Bc4 Nf6 5. d3 c6 6. h3 Bf5 7. Bd2 e6 8. Nf3
Qc7 9. Qe2 Be7 10. O-O-O b5 11. g4 Bg6 12. Bb3 Nbd7 13. Nh4 a5 14. Nxg6 hxg6
15. g5 Nh5 16. a4 Nc5 17. Ne4 Nxb3+ 18. cxb3 O-O 19. Qg4 Rfd8 20. Kc2 Qe5 21.
Rhe1 Qd5 22. Re3 bxa4 23. bxa4 Rab8 24. Bc3 Qb3+ 25. Kc1 Bb4 26. Nd2 Qxa4 27.
Nb1 Qa1 28. Qc4 Qa4 29. Rf3 Qb5 30. Qxb5 Rxb5 31. h4 Rdb8 32. Bxb4 Rxb4 33. Rd2
Rxh4 34. Rc2 Rh1+ 35. Kd2 Rxb1 36. Rxc6 R8xb2+ 37. Ke3 Re1+ 38. Kd4 Rb4+ 39.
Kc5 Rc1+ 40. Kd6 Rxc6+ 0-1

[Event "GBR-ch"]
[Site "Scarborough"]
[Date "2001.08.04"]
[Round "6"]
[White "Waddington, Michael"]
[Black "Lyell, Mark"]
[Result "0-1"]
[WhiteElo "2353"]
[BlackElo "2219"]
[PlyCount "80"]
[EventDate "2001.07.30"]

1. Nc3 d5 2. e4 d4 3. Nce2 e5 4. Ng3 Be6 5. Nf3 f6 6. b3 Nd7 7. Bc4 Bxc4 8.
bxc4 Nb6 9. d3 Bb4+ 10. Bd2 a5 11. O-O Ne7 12. Nh4 Qd7 13. a3 Bxd2 14. Qxd2 Ng6
15. Nhf5 Nf4 16. Ne2 Nxe2+ 17. Qxe2 g6 18. Nh6 Qg7 19. Qd2 Na4 20. Rab1 b6 21.
h3 Nc5 22. Ng4 h5 23. Nh2 g5 24. f3 Na4 25. Rb3 Nc3 26. Rf2 Qe7 27. Rxc3 dxc3
28. Qxc3 Qc5 29. Qb2 O-O-O 30. Nf1 g4 31. h4 Rhg8 32. fxg4 Rxg4 33. g3 Rdg8 34.
Kg2 Rxh4 35. Rxf6 Rf4 36. Rxf4 exf4 37. Qf6 fxg3 38. Qe6+ Kb7 39. Qxg8 Qf2+ 40.
Kh3 Qxf1+ 0-1